| 000 -LEADER |
| fixed length control field |
01102nam a2200253Ia 4500 |
| 001 - CONTROL NUMBER |
| control field |
16267 |
| 003 - CONTROL NUMBER IDENTIFIER |
| control field |
GE_BSU |
| 008 - FIXED-LENGTH DATA ELEMENTS--GENERAL INFORMATION |
| fixed length control field |
181216s||||||||xx |||||||||||||| ||und|| |
| 020 ## - INTERNATIONAL STANDARD BOOK NUMBER |
| International Standard Book Number |
ISBN 978-9941-0-6479-1 |
| 040 ## - CATALOGING SOURCE |
| Transcribing agency |
GE_BSU |
| 080 ## - UNIVERSAL DECIMAL CLASSIFICATION NUMBER |
| Universal Decimal Classification number |
343.712.2 |
| 100 ## - MAIN ENTRY--PERSONAL NAME |
| Personal name |
კვარაცხელია, რამაზ |
| 245 ## - TITLE STATEMENT |
| Title |
ყაჩაღობის კვალიფიკაციის და გამოძიების პრობლემები |
| 245 ## - TITLE STATEMENT |
| Remainder of title |
საგამოძიებო და სასამართლო პრაქტიკის ანალიზი და კომენტარი |
| 245 ## - TITLE STATEMENT |
| Statement of responsibility, etc. |
რედ.: ოთარ გამყრელიძე, ფრიდონ დიასამიძე |
| 250 ## - EDITION STATEMENT |
| Edition statement |
შინაგან საქმეთა სამინ. აკად.. |
| 260 ## - PUBLICATION, DISTRIBUTION, ETC. |
| Place of publication, distribution, etc. |
თბილისი |
| 260 ## - PUBLICATION, DISTRIBUTION, ETC. |
| Name of publisher, distributor, etc. |
იურისტების სამყარო |
| 260 ## - PUBLICATION, DISTRIBUTION, ETC. |
| Date of publication, distribution, etc. |
2014 |
| 300 ## - PHYSICAL DESCRIPTION |
| Extent |
315გვ;20 სმ |
| 300 ## - PHYSICAL DESCRIPTION |
| Other physical details |
ბიბლიოგრ: გვ. 305-314 |
| 942 ## - ADDED ENTRY ELEMENTS (KOHA) |
| Koha item type |
წიგნი |